Design of reinforced concrete (Record no. 335)
[ view plain ]
| 000 -LEADER | |
|---|---|
| fixed length control field | 00384 a2200121 4500 |
| 020 ## - INTERNATIONAL STANDARD BOOK NUMBER | |
| International Standard Book Number | 0065004914 |
| 082 ## - DEWEY DECIMAL CLASSIFICATION NUMBER | |
| Classification number | 624.18341 MCC |
| 100 ## - MAIN ENTRY--PERSONAL NAME | |
| Personal name | McCormac, Jack C. |
| 245 ## - TITLE STATEMENT | |
| Title | Design of reinforced concrete |
| Statement of responsibility, etc. | Jack C. McCormac. |
| 250 ## - EDITION STATEMENT | |
| Edition statement | 3rd ed. |
| 260 ## - PUBLICATION, DISTRIBUTION, ETC. | |
| Place of publication, distribution, etc. | New York : |
| Name of publisher, distributor, etc. | HarperCollins College Publishers, |
| Date of publication, distribution, etc. | 1993. |
| 300 ## - PHYSICAL DESCRIPTION | |
| Extent | x, 693 p. : |
| Other physical details | ill. ; |
| Dimensions | 25 cm. + |
| Accompanying material | Floppy disk |
| 650 ## - SUBJECT ADDED ENTRY--TOPICAL TERM | |
| Topical term or geographic name entry element | Reinforced concrete construction. |
| Withdrawn status | Lost status | Damaged status | Not for loan | Permanent Location | Current Location | Shelving location | Date acquired | Total Checkouts | Total Renewals | Full call number | Barcode | Checked out | Date last seen | Date last checked out | Price effective from | Koha item type |
|---|---|---|---|---|---|---|---|---|---|---|---|---|---|---|---|---|
| School of Civil and Environmental Engineering (SCEE) | School of Civil and Environmental Engineering (SCEE) | 5 | 5 | 624.18341 MCC | NIT-4777 | 08/03/2025 | 07/04/2025 | 07/04/2025 | 01/05/2017 | Book | ||||||
| School of Civil and Environmental Engineering (SCEE) | School of Civil and Environmental Engineering (SCEE) | 3 | 1 | NIT-4686 | 06/18/2025 | 02/18/2025 | 02/18/2025 | 01/05/2017 | Book | |||||||
| School of Civil and Environmental Engineering (SCEE) | School of Civil and Environmental Engineering (SCEE) | 7 | NIT-431 | 08/03/2025 | 07/04/2025 | 07/04/2025 | 01/05/2017 | Book |
